Male idols and branding in Chinese luxury (Record no. 4829)

MARC details
000 -CABECERA
campo de control de longitud fija 02710nam a2200361 i 4500
001 - NÚMERO DE CONTROL
campo de control 10105090
003 - IDENTIFICADOR DEL NÚMERO DE CONTROL
campo de control CaAEU
005 - FECHA Y HORA DE LA ÚLTIMA TRANSACCIÓN
campo de control 20250707140111.0
006 - CÓDIGOS DE INFORMACIÓN DE LONGITUD FIJA--CARACTERÍSTICAS DEL MATERIAL ADICIONAL
campo de control de longitud fija m o d
007 - CAMPO FIJO DE DESCRIPCIÓN FÍSICA--INFORMACIÓN GENERAL
campo de control de longitud fija cr cn||||m|||a
008 - DATOS DE LONGITUD FIJA--INFORMACIÓN GENERAL
campo de control de longitud fija 220105s2022 enk o 001 0 eng d
020 ## - NÚMERO INTERNACIONAL ESTÁNDAR DEL LIBRO
Número Internacional Estándar del Libro 9781350286061
024 7# - IDENTIFICADOR DE OTROS ESTÁNDARES
Número estándar o código 10.5040/9781350283343
Fuente del número o código doi
035 ## - NÚMERO DE CONTROL DEL SISTEMA
Número de control de sistema on1295018118
039 ## - NIVEL DE CONTROL BIBLIOGRÁFICO Y DETALLES DE CODIFICACIÓN [OBSOLETO]
Nivel de reglas en descripción bibliográfica exclude
040 ## - FUENTE DE LA CATALOGACIÓN
Centro catalogador/agencia de origen CaBNVSL
Lengua de catalogación eng
Normas de descripción rda
Centro/agencia transcriptor CaBNVSL
Centro/agencia modificador CaBNVSL
-- AEU
041 ## - CÓDIGO DE LENGUA
Código de lengua del texto/banda sonora o título independiente English
043 ## - CÓDIGO DE ÁREA GEOGRÁFICA
Código de área geográfica a-cc---
050 #4 - SIGNATURA TOPOGRÁFICA DE LA BIBLIOTECA DEL CONGRESO
Número de clasificación HF5415.1255
Número de documento/Ítem .S56 2022eb
100 ## - ENTRADA PRINCIPAL--NOMBRE DE PERSONA
Nombre de persona Sikarskie, Amanda Grace
Fechas asociadas al nombre 1982-
Término indicativo de función/relación author.
9 (RLIN) 13785
245 10 - MENCIÓN DE TÍTULO
Título Male idols and branding in Chinese luxury
Resto del título : fashion, cosmetics, and popular culture
Mención de responsabilidad, etc. / Amanda Sikarskie.
250 ## - MENCIÓN DE EDICIÓN
Mención de edición First edition.
264 #1 - PRODUCCIÓN, PUBLICACIÓN, DISTRIBUCIÓN, FABRICACIÓN Y COPYRIGHT
Producción, publicación, distribución, fabricación y copyright London [England] :
Nombre del de productor, editor, distribuidor, fabricante Bloomsbury Visual Arts,
Fecha de producción, publicación, distribución, fabricación o copyright 2022.
300 ## - DESCRIPCIÓN FÍSICA
Extensión 272 pages
500 ## - NOTA GENERAL
Nota general Includes index.
505 0# - NOTA DE CONTENIDO CON FORMATO
Nota de contenido con formato Preface: "Are you that unicorn?" —<br/>Introductions: Peacocks: A Primer on Idols and Marketing in China —<br/>Exploring the Relationship Between Fashion Brands, Culture Idols and Fans: The Power of Naming as Market Strategy —<br/>Aloof White Peony of Luoyang: Subverting Celebrity Styling —<br/>Capitalizing Yaoi / Danmei Fans: Fashion Brands and Male Popular Culture Idols as Brand Ambassadors in the Chinese Fashion Market —<br/>A Comparative Perspective: Korean K-Pop Idols as Brand Ambassadors —<br/>Conclusions: Fashionable Avatars and Virtual Reality Idols: The Aura of the Digital and the Aura of the Original —<br/>Glossary —<br/>Index.
520 ## - SUMARIO, ETC.
Sumario, etc. "Taking a non-westerncentric approach, challenging the Western view of idols as objects of worship, this book examines idols in the more modern, pan-Asian sense of the word; as objects of social devotion, worshipped by the adoring masses and, in China and Korea, as objects of social and moral uplift. The contemporary idol wields great power - the power to influence taste, and to sell - and Male Idols and Branding in Chinese Luxury focuses on their ability to arouse the consumer appetite to buy. In China, popular culture idols play a vital role in the luxury fashion and cosmetics industries as brand ambassadors and this volume fills a critical gap in the English-language literature on this key element of the marketing industry, bringing together authors from the United States and China, and featuring case studies on idols Wang Yibo and Xiao Zhan. Male Idols and Branding in Chinese Luxury is invaluable reading for all those interested in this major element of Chinese marketing."--
Fuente proveedora Provided by publisher.
650 #0 - PUNTO DE ACCESO ADICIONAL DE MATERIA--TÉRMINO DE MATERIA
Término de materia o nombre geográfico como elemento de entrada Branding (Marketing)
Subdivisión geográfica China.
650 #0 - PUNTO DE ACCESO ADICIONAL DE MATERIA--TÉRMINO DE MATERIA
Término de materia o nombre geográfico como elemento de entrada Celebrities
Subdivisión geográfica China.
650 #0 - PUNTO DE ACCESO ADICIONAL DE MATERIA--TÉRMINO DE MATERIA
Término de materia o nombre geográfico como elemento de entrada Men
Subdivisión geográfica China.
650 #0 - PUNTO DE ACCESO ADICIONAL DE MATERIA--TÉRMINO DE MATERIA
Término de materia o nombre geográfico como elemento de entrada Fame
Subdivisión general Psychological aspects.
942 ## - ELEMENTOS DE ENTRADA AGREGADA (KOHA)
Fuente del sistema de clasificación o colocación Clasificación de Library of Congress
Holdings
Estado de retiro Estado de pérdida Fuente del sistema de clasificación o colocación Estado dañado No para préstamo Biblioteca de origen Biblioteca actual Fecha de adquisición Total de préstamos Signatura topográfica completa Código de barras Fecha visto por última vez Número de copia Precio válido a partir de Tipo de ítem Koha
    Clasificación de Library of Congress     TBS Barcelona TBS Barcelona 07/07/2025   HF5415.1255 SIK B07639 07/07/2025 1 07/07/2025 Book

Powered by Koha